000 00708nam a2200241 i 4500
003 DO-SdBNP
005 20250109103845.0
007 ta
008 250109b2023 dr ||||| |||| 00| 0 spa d
020 _a9789945505252
040 _aDO-SdBNP
_bspa
_cBNPHU
_erda
082 4 _axxxx
_bA162p
_222
100 _aAbreu, Radamés,
_eautor
_4aut.
_92771
245 1 3 _aEl poder del libre albedrío /
_cRadamé Abreu
264 4 _aSanto Domingo :
_beditor no identificado,
_c2023.
300 _a147 páginas ;
_c22 cm.
336 _atexto
_btxt
_2rdacontent
337 _asin mediación
_bn
_2rdamedia
338 _avolumen
_bnc
_2rdacarrier
590 _aInventariado, 2025/BT
910 _aBtavárez
942 _2ddc
_cLBS1
999 _c58018
_d58018